Entry Personal Name
Number of records used in: 1
001 - CONTROL NUMBER
003 - CONTROL NUMBER IDENTIFIER
005 - DATE AND TIME OF LATEST TRANSACTION
- control field:
20200226151943.0
008 - FIXED-LENGTH DATA ELEMENTS
- fixed length control field:
980924n| acannaab| |a aaa |||
010 ## - LIBRARY OF CONGRESS CONTROL NUMBER
- LC control number:
n 98086483
035 ## - SYSTEM CONTROL NUMBER
- System control number:
(Uk)003603585
040 ## - CATALOGING SOURCE
- Original cataloging agency:
DLC
- Transcribing agency:
DLC
- Modifying agency:
DLC
- Modifying agency:
Uk
- Modifying agency:
DLC
100 1# - HEADING--PERSONAL NAME
- Personal name:
Martin, David M.
400 1# - SEE FROM TRACING--PERSONAL NAME
- Personal name:
Martin, David
- Fuller form of name:
(David M.)
670 ## - SOURCE DATA FOUND
- Source citation:
Manipulating meetings, 1994:
- Information found:
t.p. (David M. Martin) cover (David Martin)
670 ## - SOURCE DATA FOUND
- Source citation:
Corporate governance, c2006:
- Information found:
t.p. (David Martin) p. 5 (David M. Martin)
670 ## - SOURCE DATA FOUND
- Source citation:
Discrimination law and employment issues, 2010:
- Information found:
t.p. (David Martin) p. iii (David M. Martin, FCIS, FCIPD, FloD; Fellow of the Chartered Institute of Secretaries, the Chartered Institute of Personnel and Development, and the Institue of Directors)